El "no" a la Renta Básica (Registro nro. 48626)
[ vista simple ]
| 000 -CABECERA | |
|---|---|
| Longitud fija campo de control | 01065naa a2200289 c 4500 |
| 001 - NÚMERO DE CONTROL | |
| Número de control | 48626 |
| 003 - IDENTIFICADOR DE NÚMERO DE CONTROL | |
| Identificador del número de control | ES-MaCES |
| 005 - FECHA Y HORA DE LA ÚLTIMA TRANSACCIÓN | |
| Fecha y hora de la última transacción | 20161212143319.0 |
| 008 - CAMPO FIJO DE DESCRIPCIÓN FIJA--INFORMACIÓN GENERAL | |
| Códigos de información de longitud fija | 161212s2016 sp ||||| t||||||| ||spa d |
| 040 ## - FUENTE DE CATALOGACIÓN | |
| Centro catalogador de origen | ES-MaCES |
| Lengua de catalogación | spa |
| Centro transcriptor | ES-MaCES |
| Centro modificado | ES-MaCES |
| 100 1# - ENCABEZAMIENTO PRINCIPAL--NOMBRE PERSONAL | |
| 9 (RLIN) | 37604 |
| Nombre de persona | Ordás, Daniel |
| 245 13 - MENCIÓN DE TÍTULO | |
| Título | El "no" a la Renta Básica |
| Resto del título | : no es un "no" al debate |
| Mención de responsabilidad, etc. | Daniel Ordás |
| 650 #4 - ASIENTO SECUNDARIO DE MATERIA--TÉRMINO DE MATERIA | |
| 9 (RLIN) | 29342 |
| Término de materia o nombre geográfico como elemento inicial | ingreso garantizado |
| 650 #4 - ASIENTO SECUNDARIO DE MATERIA--TÉRMINO DE MATERIA | |
| 9 (RLIN) | 29048 |
| Término de materia o nombre geográfico como elemento inicial | bajos ingresos |
| 650 #4 - ASIENTO SECUNDARIO DE MATERIA--TÉRMINO DE MATERIA | |
| 9 (RLIN) | 30648 |
| Término de materia o nombre geográfico como elemento inicial | lucha contra la pobreza |
| 650 #4 - ASIENTO SECUNDARIO DE MATERIA--TÉRMINO DE MATERIA | |
| 9 (RLIN) | 30629 |
| Término de materia o nombre geográfico como elemento inicial | exclusión social |
| 650 #4 - ASIENTO SECUNDARIO DE MATERIA--TÉRMINO DE MATERIA | |
| 9 (RLIN) | 27029 |
| Término de materia o nombre geográfico como elemento inicial | política social |
| 650 #4 - ASIENTO SECUNDARIO DE MATERIA--TÉRMINO DE MATERIA | |
| 9 (RLIN) | 29076 |
| Término de materia o nombre geográfico como elemento inicial | protección social |
| 650 #4 - ASIENTO SECUNDARIO DE MATERIA--TÉRMINO DE MATERIA | |
| 9 (RLIN) | 30465 |
| Término de materia o nombre geográfico como elemento inicial | pago de prestaciones |
| 650 #4 - ASIENTO SECUNDARIO DE MATERIA--TÉRMINO DE MATERIA | |
| 9 (RLIN) | 29756 |
| Término de materia o nombre geográfico como elemento inicial | participación popular |
| 650 #4 - ASIENTO SECUNDARIO DE MATERIA--TÉRMINO DE MATERIA | |
| 9 (RLIN) | 29906 |
| Término de materia o nombre geográfico como elemento inicial | referéndum |
| 650 #4 - ASIENTO SECUNDARIO DE MATERIA--TÉRMINO DE MATERIA | |
| 9 (RLIN) | 26966 |
| Término de materia o nombre geográfico como elemento inicial | Suiza |
| 653 10 - TÉRMINO DE INDEXACIÓN--NO CONTROLADO | |
| Término no controlado | Asuntos Sociales |
| 773 0# - ENTRADA DE DOCUMENTO FUENTE | |
| Itemnumber del ítem fuente | 85080 |
| Lugar, editor y fecha de publicación | Madrid (Fuencarral, 127, 28010) Iniciativas editoriales Sistema 1994- |
| Otro identificador del documento | 087978 |
| Título | Temas para el debate |
| Número de control del registro relacionado | (ES-MaCES)25480 |
| Parte(s) relacionada(s) | n. 260 (jul. 2016) {10474 R. 087978} ;p. 53-54 |
| 902 ## - CES. TIPO DE DOCUMENTO | |
| Tipodoc (006$c Sirtex) | ART Artículo de revista |
| 942 ## - ELEMENTOS KOHA | |
| Fuente de clasificaión o esquema | Clasificación propia del CES |
| Koha [por defecto] tipo de item | Artículos (1982-2017) |
| Parte de clasificación | Asuntos Sociales |
No hay ítems disponibles.
